| 000 | 00849nam a22002417a 4500 | ||
|---|---|---|---|
| 003 | OSt | ||
| 005 | 20230724120925.0 | ||
| 008 | 140903b xxu||||| |||| 00| 0 eng d | ||
| 022 | _a08550832 | ||
| 040 | _cWIUC | ||
| 050 | _aKRX19.A3.G34(1991 vol 2) | ||
| 245 |
_aThe Ghana law reports 1991 volume 2: cases determined by the High Court, the Court of Appeal and the Supreme Court of the republic of Ghana / _cedited by D.R.K. Sankah and assisted by L.K. Agbosu and J.K.E. Edzie |
||
| 250 | _aVolume 2 | ||
| 260 |
_aAccra: _bCouncil for law reporting, _c1995. |
||
| 300 |
_axxxvi, 596p. : _c25cm. |
||
| 440 | _vVol. 2 | ||
| 500 | _aIncludes index. | ||
| 700 |
_aSankah, D. R. K. _92129 |
||
| 700 |
_aAgbosu, L. K. _92136 |
||
| 700 |
_aEdzie, J. K. E. _92130 |
||
| 800 |
_aSankah, D.R.K. _aAgbosu, L.K. _aEdzie, J.K.E. _92132 |
||
| 942 |
_2lcc _cBK |
||
| 999 |
_c4099 _d11599 |
||